000
00418nam a2200145Ia 4500
008
100204s9999 xx 000 0 und d
082
_b
10775
100
_a
कुलकर्णी वसंत विष्णू
245
_a
मळभ
260
_b
कर्नाटक प्रकाशन संस्था
_c
1987
300
_a
110
630
_a
मळभ
730
_a
मळभ
942
_c
BOOK
999
_c
455211
_d
455208